000 00440nam a2200157Ia 4500
005 20251020182615.0
008 200515s9999 xx 000 0 und d
082 _aSC/691.88/C71
110 _aColegio de Ingenieros de Caminos, Canales y Puertos.
245 0 _aRecomendaciones para el proyecto, construcción y control de anclajes al terremoto
260 _aMadrid
260 _c1996
300 _a86
650 _aANCLAJE
942 _cLIB
999 _c3463
_d3463